English Words to Know: B - Statistics

General Stats
  • This quiz has been taken 96 times
  • The average score is 52 of 144
Answer Stats
Answer % Correct
be
98%
bus
94%
by
94%
ban
89%
bar
87%
back
85%
ball
85%
beat
85%
bean
83%
bad
81%
bit
81%
big
79%
but
79%
best
77%
bear
74%
beer
74%
bet
72%
bell
70%
bag
68%
black
68%
buy
66%
because
64%
bed
64%
baby
62%
band
60%
bend
60%
bread
60%
base
57%
bill
57%
bring
57%
better
55%
brown
55%
bank
53%
blue
53%
break
53%
before
51%
both
51%
bind
49%
bite
49%
boy
49%
build
49%
bond
47%
book
47%
born
47%
brother
47%
begin
45%
butter
45%
beach
43%
boss
43%
bright
43%
bake
40%
birth
40%
blow
40%
bone
40%
buck
40%
below
38%
belt
38%
bird
38%
blood
38%
brand
38%
building
38%
burn
38%
believe
36%
bike
36%
block
36%
bowl
36%
brain
36%
busy
36%
basic
34%
blame
34%
boom
34%
bother
34%
box
34%
beginning
32%
blind
32%
body
32%
bomb
32%
bridge
32%
brick
30%
brush
30%
business
30%
beautiful
28%
become
28%
behind
28%
being
28%
boat
28%
boot
28%
breath
28%
battle
26%
breast
26%
broad
26%
buyer
26%
barrel
23%
birthday
23%
breathe
23%
beauty
21%
board
21%
broken
21%
bury
21%
bench
19%
bottle
19%
bottom
19%
basket
17%
belief
17%
between
17%
bible
17%
borrow
17%
branch
17%
breakfast
17%
brief
17%
barely
15%
basically
15%
blade
15%
badly
13%
balance
13%
battery
13%
belong
13%
beside
13%
blanket
13%
baseball
11%
basketball
11%
bathroom
11%
behavior
11%
beneath
11%
border
11%
bunch
11%
barrier
9%
basis
9%
bedroom
9%
benefit
9%
besides
9%
boyfriend
9%
brilliant
9%
bullet
9%
billion
6%
button
6%
background
4%
beyond
4%
bombing
2%
briefly
2%
budget
2%
biological
0%
boundary
0%
burden
0%
No matching quizzes found
Score Distribution
Percent of People with Each Score
Percentile by Number Answered
Your Score History
You have not taken this quiz